|
|
|
|
| LEADER |
00000nam0a2200000 4500 |
| 001 |
180782 |
| 005 |
20231101223555.0 |
| 010 |
|
|
|a 9785911343897
|
| 035 |
|
|
|a (RuTPU)RU\TPU\book\195984
|
| 090 |
|
|
|a 180782
|
| 100 |
|
|
|a 20100526d2010 m y0rusy50 ca
|
| 101 |
0 |
|
|a rus
|
| 102 |
|
|
|a RU
|
| 105 |
|
|
|a a j 001zy
|
| 200 |
1 |
|
|a Триз. Анализ технической информации и генерация новых идей
|e учебное пособие для вузов
|f Н. А. Шпаковский
|
| 210 |
|
|
|a Москва
|c Форум
|d 2010
|
| 215 |
|
|
|a 264 с.
|c ил.
|
| 320 |
|
|
|a Библиогр.: с. 248-253.
|
| 330 |
|
|
|a Секрет успеха ведущих компаний мира состоит в постоянной и успешной инновационной работе. Сейчас уже не ставится вопрос — изобретать или не изобретать. Изобретательство — двигатель инновации, и его цель определяется так: решать изобретательские задачи жизненно необходимо, причем нужно делать это четко, быстро и результативно. Исходя из этого, невиданное ранее значение приобретает методология изобретательства. Ведущее место здесь занимает теория решения изобретательских задач (ТРИЗ), уже доказавшая свою эффективность на многих и многих ведущих мировых компаниях. В книге описываются важные аспекты применения одного из разделов ТРИЗ — законов эволюции технических систем: для решения задач, оптимизации патентной ситуации и прогноза развития продукции и технологий. Книга будет интересна для студентов инженерных и других специальностей, инженеров различных отраслей промышленности, менеджеров, патентных поверенных, а также всех, кто интересуется изобретательством.
|
| 606 |
1 |
|
|a Техническое моделирование
|2 stltpush
|3 (RuTPU)RU\TPU\subj\60138
|9 87937
|
| 610 |
1 |
|
|a техническая информация
|
| 610 |
1 |
|
|a структуризация
|
| 610 |
1 |
|
|a объективные линии
|
| 610 |
1 |
|
|a адекватные линии
|
| 610 |
1 |
|
|a технические системы
|
| 610 |
1 |
|
|a линии развития
|
| 610 |
1 |
|
|a эволюция
|
| 610 |
1 |
|
|a прогнозирование
|
| 610 |
1 |
|
|a учебные пособия
|
| 610 |
1 |
|
|a изобретательство
|
| 610 |
1 |
|
|a изобретения
|
| 675 |
|
|
|a 62:001.894(075.8)
|v 3
|
| 700 |
|
1 |
|a Шпаковский
|b Н. А.
|g Николай Андреевич
|
| 801 |
|
1 |
|a RU
|b 63413507
|c 20100526
|
| 801 |
|
2 |
|a RU
|b 63413507
|c 20220810
|g RCR
|
| 942 |
|
|
|c BK
|
| 959 |
|
|
|a 33/20100524
|d 2
|e 339,90
|f АНЛ:1
|f ЧЗГЛ:1
|